00615 2200241 4500001002100000005001500021035002000036007000300056008004100059100001600100245005000116260004000166300002700206700001900233700001000252856002800262082001000290084001600300650001500316650001300331250000600344990002300350INLIS00000000000666020230911014656 a0010-0923000044ta230911 0 ind 1 aKUIPERS, L.1 aPermulaan Hitung Diferensial dan Integral IIA aDjakarta :bPradnja Paramita,c1970 a152p. :bilus ;c21 cm0 aMeulenbeld, B.0 aRawuh aPerpustakaan BSIP Jatim a517.9 a517.9 KUI p 4aMatematika 4aIntegral a- a362/BSIPJATIM/2023